000 00461nam a22001577a 4500
005 20251108164753.0
008 250721s1990 xx 000 0 ara d
082 1 4 _a615.9/علم
100 1 _aسلهب، عبد العظيم سمور
245 1 0 _aعلم السموم الحديث /
264 1 _aعمان :
_bدار المستقبل للنشر و التوزيع،
_c1990.
300 _a330ص
650 1 7 _aالسموم
942 _2ddc
_cBK
999 _c13936
_d13936